[Event "Heusenstamm Sparkassen op-A 6th"]
[Site "Heusenstamm"]
[Date "2019.11.24"]
[Round "6"]
[White "Bluebaum, Johanna"]
[Black "Sandten, Ulrich"]
[Result "0-1"]
[WhiteElo "1981"]
[BlackElo "2086"]
[PlyCount "84"]
[EventDate "2019.11.21"]
[EventType "swiss"]
[EventRounds "7"]
[EventCountry "GER"]
[SourceTitle "CBM 194 Extra"]
[Source "ChessBase"]
[SourceDate "2020.03.31"]
[SourceVersion "1"]
[SourceVersionDate "2020.03.31"]
[SourceQuality "1"]

1. d4 Nf6 2. c4 e6 3. Nc3 d5 4. cxd5 exd5 5. Bg5 c6 6. e3 Be7 7. Bd3 0-0 8. Qc2 Nbd7 9. Nge2 Re8 10. 0-0 Nf8 11. f3 Be6 12. Rad1 Rc8 13. Kh1 Ng6 14. e4 dxe4 15. fxe4 Qa5 16. e5 Nd5 17. Qd2 Rcd8 18. Bxe7 Rxe7 19. Qg5 Red7 20. h4 Nxc3 21. bxc3 c5 22. h5 h6 23. Qg3 Nf8 24. Rf6 cxd4 25. cxd4 Qb4 26. Rxh6 Rxd4 27. Nxd4 Rxd4 28. Bh7+ Nxh7 29. Rxd4 Qxd4 30. Rxe6 Qd1+ 31. Kh2 Qxh5+ 32. Kg1 fxe6 33. Qc3 Qd1+ 34. Kh2 Qd7 35. Qe3 b6 36. a3 Qd5 37. Qc3 Nf8 38. Qc7 Qd7 39. Qc2 Qf7 40. Qe4 Qf5 41. Qa8 Qxe5+ 42. Kh1 Qa1+ 0-1

[Event "Rhein Main op-A 21st"]
[Site "Bad Homburg"]
[Date "2018.06.01"]
[Round "4"]
[White "Sandten, Ulrich"]
[Black "Stuhlmann, Felix"]
[Result "1/2-1/2"]
[WhiteElo "2092"]
[BlackElo "1648"]
[PlyCount "80"]
[EventDate "2018.05.30"]
[EventType "swiss"]
[EventRounds "7"]
[EventCountry "GER"]
[SourceTitle "EXT 2019"]
[Source "ChessBase"]
[SourceDate "2018.10.10"]
[SourceVersion "1"]
[SourceVersionDate "2018.10.10"]
[SourceQuality "1"]

1. d4 Nf6 2. Nf3 g6 3. e3 Bg7 4. Be2 0-0 5. 0-0 d6 6. c4 Nbd7 7. Nc3 e5 8. b4 Re8 9. a4 e4 10. Ne1 Nf8 11. b5 h5 12. Nc2 N8h7 13. Nb4 Bd7 14. a5 a6 15. bxa6 bxa6 16. f4 c5 17. Nbd5 Bg4 18. Nb6 Rb8 19. dxc5 dxc5 20. Ra2 Bxe2 21. Qxe2 Ng4 22. Ncd5 g5 23. h3 Nh6 24. Qxh5 gxf4 25. Rxf4 Re5 26. Qh4 Qd6 27. Bb2 Rg5 28. Bxg7 Kxg7 29. Raf2 Qg6 30. g4 f5 31. Ne7 Qf6 32. Nbd5 Rb1+ 33. Rf1 Rxf1+ 34. Rxf1 Qe5 35. Rf4 Qa1+ 36. Kg2 fxg4 37. hxg4 Qd1 38. Rxe4 Qc2+ 39. Kf3 Qd1+ 40. Kf2 Qc2+ 1/2-1/2

[Event "Heusenstamm Sparkassen op-A 4th"]
[Site "Heusenstamm"]
[Date "2017.11.23"]
[Round "1"]
[White "Deuer, Marius"]
[Black "Sandten, Ulrich"]
[Result "0-1"]
[WhiteElo "1754"]
[BlackElo "2068"]
[PlyCount "78"]
[EventDate "2017.11.23"]
[EventType "swiss"]
[EventRounds "7"]
[EventCountry "GER"]
[SourceTitle "EXT 2019"]
[Source "ChessBase"]
[SourceDate "2018.10.10"]
[SourceVersion "1"]
[SourceVersionDate "2018.10.10"]
[SourceQuality "1"]

1. e4 d6 2. d4 Nf6 3. Nc3 e5 4. Nf3 exd4 5. Nxd4 Be7 6. Bc4 0-0 7. 0-0 Re8 8. Bf4 Nbd7 9. Qe2 Ne5 10. Bb5 c6 11. Bxe5 cxb5 12. Bg3 b4 13. Nd5 Nxd5 14. exd5 Bd7 15. Qd3 Qb6 16. c4 bxc3 17. bxc3 Qa5 18. c4 Rac8 19. Rfb1 Qa6 20. Rb4 Rc5 21. Nb3 Rc7 22. h3 Bf6 23. Rd1 Be5 24. Bxe5 Rxe5 25. Qc3 b6 26. Nc1 b5 27. cxb5 Qb6 28. Qb3 Bf5 29. Nd3 Re2 30. Rf4 g6 31. Kf1 Rcc2 32. Nc5 Qxc5 33. Qg3 Bd7 34. Qh4 Bxb5 35. Kg1 Qc7 36. Qf6 Qe7 37. Qd4 Re1+ 38. Rxe1 Qxe1+ 39. Kh2 Qe5 0-1

[Event "Dortmund Sparkassen op-A 45th"]
[Site "Dortmund"]
[Date "2017.07.15"]
[Round "1"]
[White "Sandten, Ulrich"]
[Black "Kartsev, Nikolaj"]
[Result "1/2-1/2"]
[WhiteElo "2064"]
[BlackElo "1827"]
[PlyCount "114"]
[EventDate "2017.07.15"]
[EventType "swiss"]
[EventRounds "9"]
[EventCountry "GER"]
[SourceTitle "CBM 179 Extra"]
[Source "ChessBase"]
[SourceDate "2017.08.23"]
[SourceVersion "1"]
[SourceVersionDate "2017.08.23"]
[SourceQuality "1"]

1. e4 c5 2. d3 Nc6 3. Be2 Nf6 4. f4 e5 5. Nf3 d6 6. 0-0 Qb6 7. Kh1 Be7 8. Na3 Bg4 9. c3 Rd8 10. Nc4 Qc7 11. Qe1 Be6 12. fxe5 dxe5 13. Nfxe5 Nxe5 14. Nxe5 0-0 15. Nf3 c4 16. Nd4 Bd6 17. Nxe6 fxe6 18. d4 Nxe4 19. Bf3 Nf6 20. Qxe6+ Rf7 21. Bg5 Re8 22. Qh3 Ref8 23. Rae1 b5 24. Qh4 h6 25. Bd2 Kh8 26. Re6 Qd7 27. Rfe1 Re7 28. d5 Nxd5 29. Rxe7 Bxe7 30. Qe4 Bf6 31. Qxd5 Qxd5 32. Bxd5 Rd8 33. Bxh6 Rxd5 34. Bf4 a5 35. g3 b4 36. cxb4 axb4 37. Rc1 c3 38. bxc3 bxc3 39. Kg2 Ra5 40. Rc2 Rb5 41. Bc1 Kh7 42. a4 Rb4 43. Ra2 Rb2+ 44. Bxb2 cxb2 45. Rxb2 Bxb2 46. Kf3 Bd4 47. a5 Kg6 48. Kg4 Kf6 49. a6 Ke5 50. Kg5 Ke6 51. Kg6 Kd5 52. a7 Bxa7 53. Kxg7 Ke4 54. Kf6 Kf3 55. Ke5 Bb8+ 56. Kf5 Bxg3 57. hxg3 Kxg3 1/2-1/2

[Event "Wiesbaden op 25th"]
[Site "Wiesbaden"]
[Date "2013.08.24"]
[Round "4"]
[White "Lenz, Jonas"]
[Black "Sandten, Ulrich"]
[Result "1/2-1/2"]
[WhiteElo "1930"]
[BlackElo "2073"]
[PlyCount "72"]
[EventDate "2013.08.22"]
[EventType "swiss"]
[EventRounds "7"]
[EventCountry "GER"]
[SourceTitle "EXT 2014"]
[Source "ChessBase"]
[SourceDate "2013.11.20"]
[SourceVersion "1"]
[SourceVersionDate "2013.11.20"]
[SourceQuality "1"]

1. e4 c6 2. d4 d5 3. Nd2 dxe4 4. Nxe4 Bf5 5. Ng3 Bg6 6. N1e2 e6 7. Nf4 Bd6 8. c3 Nf6 9. h4 Bxf4 10. Bxf4 h6 11. Bd3 Bxd3 12. Qxd3 Nbd7 13. 0-0-0 Qa5 14. Kb1 0-0-0 15. Ne4 Nxe4 16. Qxe4 Qd5 17. Qxd5 cxd5 18. Rde1 b5 19. g4 h5 20. g5 g6 21. Rh3 Kb7 22. Be5 Nxe5 23. Rxe5 Rd7 24. b3 Rc8 25. Kb2 Rdc7 26. a3 a5 27. Ree3 Kb6 28. Rhf3 b4 29. a4 Ka6 30. Rd3 Rb8 31. Rde3 Rb6 32. Rd3 Ka7 33. Kc2 Kb8 34. Rg3 Kc8 35. Rh3 Kd8 36. Rhg3 Ke8 1/2-1/2

[Event "Frankfurt-chA"]
[Site "Frankfurt"]
[Date "2013.06.03"]
[Round "5"]
[White "Hilbenz, Guntram"]
[Black "Sandten, Ulrich"]
[Result "1/2-1/2"]
[WhiteElo "1888"]
[BlackElo "2073"]
[PlyCount "60"]
[EventDate "2013.04.29"]
[EventType "swiss"]
[EventRounds "7"]
[EventCountry "GER"]
[SourceTitle "EXT 2014"]
[Source "ChessBase"]
[SourceDate "2013.11.20"]
[SourceVersion "1"]
[SourceVersionDate "2013.11.20"]
[SourceQuality "1"]

1. c4 c6 2. Nf3 d5 3. Qa4 e6 4. g3 Nf6 5. Bg2 Nbd7 6. d3 Bd6 7. 0-0 0-0 8. Qc2 Re8 9. Nc3 Qe7 10. a3 a5 11. b3 b6 12. Bb2 Bb7 13. e4 dxe4 14. Nxe4 Nxe4 15. dxe4 e5 16. Rfd1 Nf8 17. Qc3 f6 18. Bh3 Ne6 19. Bxe6+ Qxe6 20. Ne1 Bc5 21. Nc2 Qh3 22. b4 Bxf2+ 23. Kxf2 Qxh2+ 24. Kf1 Bc8 25. Ne3 Bh3+ 26. Ke1 Rad8 27. Rd2 Qh1+ 28. Ke2 Qxe4 29. Kf2 Rd4 30. Rxd4 exd4 1/2-1/2

[Event "Wiesbaden op 24th"]
[Site "Wiesbaden"]
[Date "2012.08.24"]
[Round "2"]
[White "Levin, Felix"]
[Black "Sandten, Ulrich"]
[Result "1-0"]
[WhiteElo "2510"]
[BlackElo "2082"]
[PlyCount "51"]
[EventDate "2012.08.23"]
[EventType "swiss"]
[EventRounds "7"]
[EventCountry "GER"]
[SourceTitle "CBM 150 Extra"]
[Source "ChessBase"]
[SourceDate "2012.10.19"]
[SourceVersion "1"]
[SourceVersionDate "2012.10.19"]
[SourceQuality "1"]

1. Nf3 d5 2. c4 dxc4 3. Qa4+ c6 4. Qxc4 Nd7 5. d4 Ngf6 6. Nc3 g6 7. e4 Bg7 8. e5 Nb6 9. exf6 Nxc4 10. fxg7 Rg8 11. Bxc4 e6 12. Bh6 f6 13. 0-0-0 Kf7 14. g4 Qc7 15. Kb1 b5 16. Bb3 a5 17. Ne4 a4 18. Bc2 e5 19. dxe5 Bxg4 20. Nd6+ Ke7 21. exf6+ Kxf6 22. Ne4+ Ke7 23. Rhe1 Bf5 24. Neg5+ Kf6 25. Nxh7+ Kf7 26. Nfg5# 1-0

[Event "Karl Mala Memorial op 15th"]
[Site "Frankfurt"]
[Date "2012.07.08"]
[Round "7"]
[White "Sandten, Ulrich"]
[Black "Roggensack, Hans Peter"]
[Result "1/2-1/2"]
[WhiteElo "2093"]
[BlackElo "1904"]
[PlyCount "53"]
[EventDate "2012.07.05"]
[EventType "swiss"]
[EventRounds "7"]
[EventCountry "GER"]
[SourceTitle "CBM 149 Extra"]
[Source "ChessBase"]
[SourceDate "2012.08.24"]
[SourceVersion "1"]
[SourceVersionDate "2012.08.24"]
[SourceQuality "1"]

1. e4 e5 2. Nf3 Nf6 3. Nxe5 d6 4. Nf3 Nxe4 5. Nc3 Nxc3 6. dxc3 Be7 7. Bf4 Nc6 8. Qd2 Be6 9. 0-0-0 Bxa2 10. b3 a5 11. Kb2 a4 12. Bb5 axb3 13. cxb3 0-0 14. Ra1 Bxb3 15. Kxb3 Na5+ 16. Kc2 Bf6 17. Bg5 d5 18. Rhe1 Qd6 19. Bxf6 Qxf6 20. Qd4 Qd6 21. Re5 Nc6 22. Bxc6 Rxa1 23. Bxd5 Qa3 24. Qc4 Qc1+ 25. Kd3 c6 26. Bxf7+ Kh8 27. Re2 1/2-1/2

[Event "Frankfurt-chA"]
[Site "Frankfurt"]
[Date "2012.06.18"]
[Round "7"]
[White "Sandten, Ulrich"]
[Black "Schmitt, Roland"]
[Result "1/2-1/2"]
[WhiteElo "2095"]
[BlackElo "1878"]
[PlyCount "48"]
[EventDate "2012.04.30"]
[EventType "swiss"]
[EventRounds "7"]
[EventCountry "GER"]
[SourceTitle "EXT 2013"]
[Source "ChessBase"]
[SourceDate "2012.11.22"]
[SourceVersion "1"]
[SourceVersionDate "2012.11.22"]
[SourceQuality "1"]

1. e4 c5 2. Nc3 g6 3. f4 Bg7 4. Nf3 d6 5. Bb5+ Nd7 6. 0-0 a6 7. Bc4 Nb6 8. Be2 d5 9. d3 d4 10. Nb1 Nf6 11. Qe1 Bg4 12. Qh4 Bxf3 13. Bxf3 0-0 14. b3 c4 15. e5 cxd3 16. cxd3 Nfd5 17. Qf2 f6 18. Qxd4 fxe5 19. fxe5 e6 20. Na3 Qc7 21. Bb2 Rf4 22. Be4 Bh6 23. Rxf4 Bxf4 24. Bxd5 Nxd5 1/2-1/2

[Event "Oberliga NRW 9900 II"]
[Site "Germany"]
[Date "2000.02.09"]
[Round "5.6"]
[White "Stillger, Bernhard"]
[Black "Sandten, Ulrich"]
[Result "1-0"]
[WhiteElo "2375"]
[BlackElo "2120"]
[PlyCount "43"]
[EventDate "1999.10.26"]
[EventType "team"]
[EventRounds "9"]
[EventCountry "GER"]
[SourceTitle "EXT 2001"]
[Source "ChessBase"]
[SourceDate "2000.11.22"]
[SourceVersion "1"]
[SourceVersionDate "2000.11.22"]
[SourceQuality "1"]
[WhiteTeam "Muelheim Nord"]
[BlackTeam "Wuppertal"]
[WhiteTeamCountry "GER"]
[BlackTeamCountry "GER"]

1. e4 e6 2. d4 d5 3. Nc3 Bb4 4. e5 c5 5. a3 Bxc3+ 6. bxc3 Qc7 7. Qg4 Ne7 8. Qxg7 Rg8 9. Qxh7 cxd4 10. Ne2 Nbc6 11. f4 Bd7 12. Qd3 dxc3 13. h4 0-0-0 14. h5 Kb8 15. Rb1 Ka8 16. Nxc3 Nxe5 17. fxe5 Qxe5+ 18. Ne2 Nc6 19. h6 Qc7 20. h7 Rh8 21. Bg5 Ne5 22. Qe3 1-0

[Event "Oberliga NRW 9900 II"]
[Site "Germany"]
[Date "1999.12.20"]
[Round "3.4"]
[White "Bellers, Frank"]
[Black "Sandten, Ulrich"]
[Result "1-0"]
[WhiteElo "2150"]
[BlackElo "2120"]
[PlyCount "55"]
[EventDate "1999.10.26"]
[EventType "team"]
[EventRounds "9"]
[EventCountry "GER"]
[SourceTitle "EXT 2001"]
[Source "ChessBase"]
[SourceDate "2000.11.22"]
[SourceVersion "1"]
[SourceVersionDate "2000.11.22"]
[SourceQuality "1"]
[WhiteTeam "Wiedenbrueck"]
[BlackTeam "Wuppertal"]
[WhiteTeamCountry "GER"]
[BlackTeamCountry "GER"]

1. d4 e6 2. Nf3 f5 3. g3 Nf6 4. Bg2 Be7 5. 0-0 0-0 6. c4 d6 7. Nc3 Qe8 8. Re1 Qh5 9. e4 fxe4 10. Nxe4 Nc6 11. b3 e5 12. dxe5 dxe5 13. Bb2 Bg4 14. Nxf6+ gxf6 15. Qd5+ Kh8 16. Nh4 Rad8 17. Qb5 Bb4 18. Rf1 Bd2 19. Qxb7 Nd4 20. Bxd4 exd4 21. h3 Be2 22. Bf3 Qe5 23. Bxe2 Qxe2 24. Qf3 d3 25. Rad1 Rd4 26. Qf5 Re4 27. Rxd2 Qxd2 28. Qxe4 1-0

[Event "Oberliga NRW 9899 II"]
[Site "Germany"]
[Date "1999.05.06"]
[Round "9.7"]
[White "Novak, Petr"]
[Black "Sandten, Ulrich"]
[Result "0-1"]
[WhiteElo "2185"]
[BlackElo "2120"]
[PlyCount "58"]
[EventDate "1998.10.10"]
[EventType "team"]
[EventRounds "9"]
[EventCountry "GER"]
[SourceTitle "EXT 2000"]
[Source "ChessBase"]
[SourceDate "1999.11.16"]
[SourceVersion "1"]
[SourceVersionDate "1999.11.16"]
[SourceQuality "1"]
[WhiteTeam "Koeln KKS"]
[BlackTeam "Wuppertal"]
[WhiteTeamCountry "GER"]
[BlackTeamCountry "GER"]

1. d4 e6 2. Nf3 f5 3. h3 Nf6 4. g4 d5 5. Bf4 Bd6 6. Be5 0-0 7. Nc3 Ne4 8. Qd3 Nc6 9. gxf5 Nxc3 10. Bxd6 Qxd6 11. Qxc3 exf5 12. 0-0-0 f4 13. Ne5 Bf5 14. Qb3 Be6 15. Nf3 Na5 16. Qc3 Nc4 17. Ng5 Bf5 18. e4 fxe3 19. Bxc4 dxc4 20. fxe3 b5 21. Rhg1 Rae8 22. Rdf1 Qd5 23. e4 Bxe4 24. Rxf8+ Rxf8 25. Qg3 Bg6 26. Nxh7 Qe4 27. Qxg6 Rf1+ 28. Kd2 Qxd4+ 29. Ke2 Qf2# 0-1